000 01547nam a2200469 c 4500
001 53031
003 ES-MaCES
005 20250203132935.0
008 240202s2023 sp 000 | spa d
017 _aV 1596-2023
_bDL
020 _a9788411692120
040 _aES-MaCES
_bspa
_cES-MaCES
245 0 0 _aBrechas de género y pensiones
_cCarles X. Simó-Noguera, Pilar Fernández Artiach, Juan Antonio Romero-Crespo, eds.
260 _aValencia
_bTirant lo Blanch
_c2023
300 _a430 p.
_c22 cm
490 1 _aEnfoque laboral
_v54
504 _aBibliografía
541 _cCompra
650 4 _arégimen de pensión
_927042
650 4 _ajubilación
_928360
650 4 _amujeres
_928657
650 4 _adiscriminación por razones de sexo
_929521
650 4 _asegmentación del mercado de trabajo
_929566
650 4 _adiferencia del salario
_929458
650 4 _adesarrollo de la carrera
_929403
650 4 _areforma de la seguridad social
_930668
650 4 _alegislación de seguridad social
_929855
650 4 _aderecho comparado
_929868
650 4 _aEspaña
_926964
650 4 _aItalia
_926952
650 4 _aChile
_926864
650 4 _aBrasil
_926857
650 4 _aNoruega
_926958
650 4 _aReino Unido
_926967
653 1 0 _aMujer
700 1 _940900
_aSimó-Noguera, Carles X.
_eed. lit.
700 1 _911768
_aFernández Artiach, Pilar
_eed. lit.
700 1 _940901
_aRomero-Crespo, Juan Antonio
_eed. lit.
830 0 _aEnfoque laboral
_v54
_934124
902 _aLIB Libro
942 _2CES
_cBK
_h3.3.
999 _c53031
_d53031